000 00483nam a2200181 i 4500
001 128776
003 ES-MaACL
005 20230906193346.0
007 t|
008 070524s1971 sp ||||1| cat d
080 _a849.9-94"19"
100 1 _aTasis, Rafael.
_9109362
245 1 0 _aHistories de coneguts /
_cRafael Tasis.
250 _a1ยช ed.
260 _aBarcelona :
_bMiguel Arimany,
_c[1971]
300 _a157 p. :
_bil. ;
_c21 cm.
852 _aES-MaACL
_jC-41967
_bR.78985
999 _c128776
_d128776